000 00643nam a22001697a 4500
999 _c64185
_d64185
003 Ge_BSU
005 20260427124034.0
008 260427s1998 ge ||||| |||| 00| 0 geo d
041 _ageo
080 _a336.14(479.22)"1998" ს-32
245 _aსაქართველოს 1998 წლის სახელმწიფო ბიუჯეტი /
_cსაქართველოს ფინანსთა სამინისტრო.
264 _aთბილისი,
_c1998.
300 _a170 გვ. ;
_b29 სმ.
653 _aეკონომიკა
653 _aბიუჯეტი
942 _2udc
_cᲬᲘᲒᲜᲘ